The fungi (Record no. 42633)

MARC details
000 -LEADER
fixed length control field 00338nam a2200145Ia 4500
020 ## - INTERNATIONAL STANDARD BOOK NUMBER
ISBN 0127384464
082 ## - DEWEY DECIMAL CLASSIFICATION NUMBER
Classification number 582.28
Item number CAR
100 ## - MAIN ENTRY--AUTHOR NAME
Personal name Carlile, Michael J
245 #4 - TITLE STATEMENT
Title The fungi
250 ## - EDITION STATEMENT
Edition statement Ed.2
260 ## - PUBLICATION, DISTRIBUTION, ETC. (IMPRINT)
Place of publication London
Name of publisher Academic Press
Year of publication 2001
650 ## - SUBJECT ADDED ENTRY--TOPICAL TERM
Topical Term Gene cloning
942 ## - ADDED ENTRY ELEMENTS (KOHA)
Koha item type Books
Holdings
Withdrawn status Lost status Damaged status Not for loan Home library Current library Date acquired Cost, normal purchase price Full call number Accession Number Koha item type
        RRII Library RRII Library 16/12/2021 1450.00 582.28 CAR 22902 Books